L'aventure de Paul-Jean Toulet, gentilhomme de lettres / (Record no. 58534)

MARC details
000 -LEADER
campo de control de longitud fija 00699nam a2200217 i 4500
001 - NÚMERO DE CONTROL
campo de control 58534
003 - IDENTIFICADOR DE NÚMERO DE CONTROL
campo de control ES-MaACL
005 - FECHA Y HORA DE LA ÚLTIMA TRANSACCIÓN
campo de control 20230906163829.0
007 - CAMPO FIJO DE DESCRIPCIÓN FÍSICA--INFORMACIÓN GENERAL
campo de control de longitud fija t|
008 - DATOS DE LONGITUD FIJA--INFORMACIÓN GENERAL
campo de control de longitud fija 031022s1928 fr ||||1| fre d
100 1# - ENTRADA PRINCIPAL--NOMBRE DE PERSONA
Nombre de persona Dyssord, Jacques.
9 (RLIN) 46422
245 12 - MENCIÓN DEL TÍTULO
Título L'aventure de Paul-Jean Toulet, gentilhomme de lettres /
Mención de responsabilidad, etc. par Jacques Dyssord ; avec un portrait et orné de dessins de l'auteur.
250 ## - MENCION DE EDICION
Mención de edición 4eme ed.
260 ## - PUBLICACIÓN, DISTRIBUCIÓN, ETC.
Lugar de publicación, distribución, etc. Paris :
Nombre del editor, distribuidor, etc. Bernard Grasset,
Fecha de publicación, distribución, etc. 1928 (
Fabricante E. Arrault)
300 ## - DESCRIPCIÓN FÍSICA
Extensión 230 p. ;
Dimensiones 19 cm.
490 1# - MENCIÓN DE SERIE
Mención de serie La vie de bohème ;
Designación de volumen o secuencia 3
600 04 - PUNTO DE ACCESO ADICIONAL DE MATERIA--NOMBRE DE PERSONA
Nombre de persona Toulet, Paul Jean.
9 (RLIN) 111126
830 0# - PUNTO DE ACCESO ADICIONAL DE SERIE-TÍTULO UNIFORME
Título uniforme La vie de bohème ;
Designación de volumen o secuencia 3
9 (RLIN) 230477
852 ## - LOCALIZACIÓN
Ubicación ES-MaACL
Número de control de estantería A-2423
Holdings
Estatus retirado Estado de pérdida Estado de daño No para préstamo Biblioteca de origen Biblioteca actual Ubicación en estantería Fecha de adquisición Fuente de adquisición Total de préstamos Signatura topográfica completa Código de barras Visto por última vez Precio de reemplazo Tipo de ítem Koha
        Biblioteca del Ateneo de Madrid Biblioteca del Ateneo de Madrid Sala Pecera Planta 1 17/01/2008     A-2423 1061415 23/02/2023 23/02/2023 Libro impreso